[Event "Ruhrgebiet Verbandsklasse Gruppe 2 1819"]
[Site "Nordrheinwestfalen"]
[Date "2018.12.02"]
[Round "4.8"]
[White "Kaesemann, Holger"]
[Black "Wingerning, Gerd"]
[Result "1-0"]
[WhiteElo "1602"]
[BlackElo "1738"]
[PlyCount "67"]
[EventDate "2018.09.23"]
[EventType "team-tourn"]
[EventRounds "9"]
[EventCountry "GER"]
[SourceTitle "EXT 2022"]
[Source "ChessBase"]
[SourceDate "2021.10.06"]
[SourceVersion "1"]
[SourceVersionDate "2021.10.06"]
[SourceQuality "1"]
[WhiteTeam "Kupferdreh Germania"]
[BlackTeam "Buer Hassel"]
[WhiteTeamCountry "GER"]
[BlackTeamCountry "GER"]

1. e4 d5 2. exd5 Qxd5 3. Nf3 Nf6 4. d4 Bg4 5. Be2 e6 6. c4 Qa5+ 7. Bd2 Bb4 8. Qb3 Bxd2+ 9. Nbxd2 Nbd7 10. 0-0 Qb6 11. Qa3 c5 12. dxc5 Qxc5 13. b4 Qe7 14. h3 Bh5 15. c5 0-0 16. Rfe1 a5 17. bxa5 Qxc5 18. Qxc5 Nxc5 19. Nb3 Rfc8 20. Ne5 Bxe2 21. Rxe2 Nce4 22. Nd7 Nxd7 23. Rxe4 Rc2 24. Rb4 Rb8 25. Rd1 Nf8 26. a4 Rc6 27. Rb6 Rc4 28. a6 Rxa4 29. axb7 Rc4 30. Rdd6 Rc7 31. Na5 Nd7 32. Rbc6 Rxc6 33. Rxc6 Kf8 34. Rc8+ 1-0

[Event "Ruhrgebiet Verbandsklasse Gruppe 2 1819"]
[Site "Nordrheinwestfalen"]
[Date "2018.09.23"]
[Round "1.8"]
[White "Mazarov, Paul"]
[Black "Wingerning, Gerd"]
[Result "0-1"]
[WhiteElo "1648"]
[BlackElo "1738"]
[PlyCount "68"]
[EventDate "2018.09.23"]
[EventType "team-tourn"]
[EventRounds "9"]
[EventCountry "GER"]
[SourceTitle "EXT 2022"]
[Source "ChessBase"]
[SourceDate "2021.10.06"]
[SourceVersion "1"]
[SourceVersionDate "2021.10.06"]
[SourceQuality "1"]
[WhiteTeam "Bochum SG IV"]
[BlackTeam "Buer Hassel"]
[WhiteTeamCountry "GER"]
[BlackTeamCountry "GER"]

1. e4 d5 2. e5 c5 3. d4 Bf5 4. g4 Bg6 5. h4 h6 6. h5 Bh7 7. Bd3 Bxd3 8. Qxd3 cxd4 9. e6 fxe6 10. Qg6+ Kd7 11. Nf3 Nc6 12. b4 Qc7 13. Bd2 Ne5 14. Nxe5+ Qxe5+ 15. Kd1 Nf6 16. Re1 Qd6 17. f3 a6 18. a4 Rc8 19. Na3 e5 20. Qf5+ e6 21. Qxe5 Qxe5 22. Rxe5 Bd6 23. Re2 Rhf8 24. b5 Nh7 25. bxa6 bxa6 26. Rf2 Ng5 27. Bxg5 hxg5 28. Nb1 e5 29. Nd2 e4 30. Nb3 Be5 31. Ra2 Rc3 32. Ke2 d3+ 33. cxd3 exd3+ 34. Kd2 Rxb3 0-1

[Event "Ruhrgebiet Verbandsklasse Gruppe 3 1415"]
[Site "Germany"]
[Date "2015.03.01"]
[Round "7.5"]
[White "Rath, Michael"]
[Black "Wingerning, Gerd"]
[Result "1-0"]
[WhiteElo "1722"]
[BlackElo "1739"]
[PlyCount "57"]
[EventDate "2014.09.21"]
[EventType "team-tourn"]
[EventRounds "9"]
[EventCountry "GER"]
[SourceTitle "EXT 2022"]
[Source "ChessBase"]
[SourceDate "2021.10.06"]
[SourceVersion "1"]
[SourceVersionDate "2021.10.06"]
[SourceQuality "1"]
[WhiteTeam "Haltern"]
[BlackTeam "Buer Hassel"]
[WhiteTeamCountry "GER"]
[BlackTeamCountry "GER"]

1. d4 d5 2. Nf3 Nf6 3. Bf4 Bf5 4. e3 h6 5. c4 c6 6. Nc3 e6 7. Bd3 Bxd3 8. Qxd3 dxc4 9. Qxc4 Nbd7 10. 0-0 Be7 11. b4 Nb6 12. Qb3 Nbd5 13. Bg3 Nxc3 14. Qxc3 Ne4 15. Qb3 Nxg3 16. hxg3 g5 17. b5 Bd6 18. Rac1 g4 19. Nd2 Rc8 20. Ne4 Be7 21. bxc6 bxc6 22. Rc2 Qb6 23. Qa4 f5 24. Nc5 Bxc5 25. Rxc5 Rh7 26. Rfc1 h5 27. Rxc6 Rxc6 28. Rxc6 Qb1+ 29. Rc1+ 1-0

[Event "Ruhrgebiet Verbandsklasse Gruppe 3 1415"]
[Site "Germany"]
[Date "2014.12.14"]
[Round "4.5"]
[White "Wingerning, Gerd"]
[Black "Brendemuehl, Bernd"]
[Result "1/2-1/2"]
[WhiteElo "1744"]
[BlackElo "1894"]
[PlyCount "62"]
[EventDate "2014.09.21"]
[EventType "team-tourn"]
[EventRounds "9"]
[EventCountry "GER"]
[SourceTitle "EXT 2022"]
[Source "ChessBase"]
[SourceDate "2021.10.06"]
[SourceVersion "1"]
[SourceVersionDate "2021.10.06"]
[SourceQuality "1"]
[WhiteTeam "Buer Hassel"]
[BlackTeam "Dortmund FS"]
[WhiteTeamCountry "GER"]
[BlackTeamCountry "GER"]

1. e4 c5 2. c3 e6 3. d4 cxd4 4. cxd4 d5 5. e5 Nc6 6. Nf3 Bd7 7. Be2 Qb6 8. a3 Nge7 9. Nc3 Nf5 10. Na4 Qd8 11. 0-0 a6 12. b4 b5 13. Nc5 Bxc5 14. bxc5 Nh4 15. Nxh4 Qxh4 16. f4 f5 17. Rf3 0-0 18. Be3 Rfb8 19. Rh3 Qe7 20. Bf2 a5 21. Bh4 Qf8 22. Rg3 Be8 23. Bf6 Ra7 24. Rb1 b4 25. a4 Kh8 26. Bh4 Ne7 27. Bxe7 Qxe7 28. Bh5 g6 29. Be2 Bc6 30. Qb3 Qe8 31. Bd1 Rg7 1/2-1/2